Statistics for Countries (or territories) that share an island with other countries

Click here to take the quiz!

General Stats

  • This quiz has been taken 105 times
    (67 since last reset)
  • The average score is 11 of 14

Answer Stats

Island NameAnswer% Correct
BorneoBrunei
98%
Borneo/Timor/New GuineaIndonesia
98%
IrelandIreland
98%
New GuineaPapua New Guinea
98%
IrelandUnited Kingdom
96%
TimorEast Timor
95%
BorneoMalaysia
95%
HispaniolaDominican Republic
93%
HispaniolaHaiti
93%
Saint MartinNetherlands
84%
CyprusCyprus
82%
Saint MartinFrance
82%
CyprusAkrotiri (United Kingdom)
0%
CyprusDhekelia (United Kingdom)
0%

Score Distribution

Percentile by Number Answered

Percent of People with Each Score

Your Score History

You have not taken this quiz since the last reset